John Eliot's Indian dialogues: a study in cultural interaction
| Subtitles: | Indian dialogues |
|---|---|
| Main Author: | |
| Contributors: | ; |
| Format: | Print Book |
| Language: | English |
| Subito Delivery Service: | Order now. |
| Check availability: | HBZ Gateway |
| WorldCat: | WorldCat |
| Interlibrary Loan: | Interlibrary Loan for the Fachinformationsdienste (Specialized Information Services in Germany) |
| Published: |
Westport, Conn. [u.a.]
Greenwood Press
1980
|
| In: |
Contributions in American history (88)
Year: 1980 |
| Reviews: | [Rezension von: Bowden, Henry W., John Eliot's "Indian Dialogues". A Study in Cultural Interaction...] (1983) (Mills, Frederick V.)
|
| Series/Journal: | Contributions in American history
88 |
| Further subjects: | B
Indians
B Religion B The Americas B Mission (international law |
MARC
| LEADER | 00000cam a2200000 c 4500 | ||
|---|---|---|---|
| 001 | 439504333 | ||
| 003 | DE-627 | ||
| 005 | 20251223204614.0 | ||
| 007 | tu | ||
| 008 | 850507s1980 xxu||||| 00| ||eng c | ||
| 020 | |a 0313210314 |9 0-313-21031-4 | ||
| 035 | |a (DE-627)439504333 | ||
| 035 | |a (DE-576)9439504331 | ||
| 035 | |a (DE-599)GBV439504333 | ||
| 035 | |a (OCoLC)6091963 | ||
| 035 | |a (OCoLC)252253469 | ||
| 040 | |a DE-627 |b ger |c DE-627 |e rakwb | ||
| 041 | |a eng | ||
| 044 | |c XD-US |c XA-GB | ||
| 082 | 0 | |a 266/.58744 |q OCLC | |
| 084 | |a 6,33 |a 1 |2 ssgn | ||
| 084 | |a 15.87 |2 bkl | ||
| 100 | 1 | |0 (DE-588)118681966 |0 (DE-627)079464882 |0 (DE-576)444491740 |4 aut |a Eliot, John |d 1604-1690 | |
| 109 | |a Eliot, John 1604-1690 |a Eliot, Johann 1604-1690 |a Elliot, John 1604-1690 | ||
| 245 | 1 | 0 | |a John Eliot's Indian dialogues |b a study in cultural interaction |c ed. by Henry W. Bowden and James P. Ronda |
| 246 | 1 | |i Ansetzungssachtitel |a Indian dialogues | |
| 264 | 1 | |a Westport, Conn. [u.a.] |b Greenwood Press |c 1980 | |
| 300 | |a 173 S. | ||
| 336 | |a Text |b txt |2 rdacontent | ||
| 337 | |a ohne Hilfsmittel zu benutzen |b n |2 rdamedia | ||
| 338 | |a Band |b nc |2 rdacarrier | ||
| 490 | 1 | |a Contributions in American history |v 88 | |
| 500 | |a Literaturverz. S. [167] - 169 | ||
| 583 | 1 | |a Massenentsäuert |c 2010 |2 pdager |5 DE-18 | |
| 583 | 1 | |a Archivierung prüfen |c 20240324 |f DE-4165 |z 3 |2 pdager | |
| 601 | |a Eliot, John | ||
| 650 | 0 | 7 | |0 (DE-588)4026718-0 |0 (DE-627)104288922 |0 (DE-576)208967672 |a Indianer |2 gnd |
| 650 | 0 | 7 | |0 (DE-588)4049396-9 |0 (DE-627)106187155 |0 (DE-576)209081880 |a Religion |2 gnd |
| 650 | 0 | 7 | |0 (DE-588)4039567-4 |0 (DE-627)106227602 |0 (DE-576)20903551X |a Mission |2 gnd |
| 651 | 7 | |0 (DE-588)4001670-5 |0 (DE-627)106396161 |0 (DE-576)208843884 |a Amerika |2 gnd | |
| 700 | 1 | |8 1\p |0 (DE-588)1147203725 |0 (DE-627)1008559423 |0 (DE-576)421140860 |4 oth |a Bowden, Henry Warner |d 1939- | |
| 700 | 1 | |a Ronda, James P. |4 oth | |
| 787 | 0 | 8 | |i Rezensiert in |a Mills, Frederick V. |t [Rezension von: Bowden, Henry W., John Eliot's "Indian Dialogues". A Study in Cultural Interaction...] |d 1983 |w (DE-627)1784334995 |
| 830 | 0 | |a Contributions in American history |v 88 |9 88 |w (DE-627)12999958X |w (DE-576)003664112 |w (DE-600)416894-X |x 0084-9219 |7 am | |
| 883 | |8 1\p |a cgwrk |d 20241001 |q DE-101 |u https://d-nb.info/provenance/plan#cgwrk | ||
| 889 | |w (DE-576)902218336X | ||
| 889 | |w (DE-627)022183361 | ||
| 935 | |i mdedup | ||
| 935 | |h GBV |i Tpn3090pruef | ||
| 936 | b | k | |a 15.87 |j USA |x Geschichte |0 (DE-627)181569760 |
| 951 | |a BO | ||
| ELC | |b 1 | ||
| ORI | |a SA-MARC-ixtheo_oa001.raw | ||
| STA | 0 | 0 | |a Indians,Indians,American Indians,Mission (international law,Mission,Mission,Christianity,World mission,Religion,Religions,Religion,Religion in literature,The Americas |
| STB | 0 | 0 | |a Amérindiens,Amérindiens,Indiens (Amérique),Indiens,Mission,Mission,Mission,Religion,Religions,Religion |
| STC | 0 | 0 | |a Indígena amerindio,Indígena amerindio,Indio,Indio,Indio (Motivo),Indio,Misión,Misión,Misión,Religión,Religión,Religión |
| STD | 0 | 0 | |a Indiani d'America <motivo>,Indiani d'America,Nativi americani,Nativi americani,Nativi americani (motivo),Nativi americani,Missione,Missione,Missione,Religione,Religione,Religione |
| STE | 0 | 0 | |a 宗教,宗教,宣教,宣教,传教,宣教使命,传教,宣教使命,美洲原住民,美洲原住民,印地安人,印第安人,印地安人,印第安人 |
| STF | 0 | 0 | |a 宗教,宗教,宣教,宣教,傳教,宣教使命,傳教,宣教使命,美洲原住民,美洲原住民,印地安人,印第安人,印地安人,印第安人 |
| STG | 0 | 0 | |a Indígena ameríndio,Indígena ameríndio,Índio,Índio,Índio (Motivo),Índio,Missão,Missão,Missão,Religião,Religião |
| STH | 0 | 0 | |a Индеец (мотив),Индеец,Миссия (международное право),Миссия (мотив),Миссия,Религия (мотив),Религия |
| STI | 0 | 0 | |a Αποστολή (Διεθνές δίκαιο),Ιεραποστολή (μοτίβο),Ιεραποστολή,Θρησκεία (μοτίβο),Θρησκεία,Ιθαγενείς πληθυσμοί της Αμερικής <μοτίβο>,Ιθαγενείς πληθυσμοί της Αμερικής,Ινδιάνοι,Ινδιάνοι (μοτίβο) |
| SYE | 0 | 0 | |a Indios,Amerikanische Indianer,Präkolumbische Zeit,Indio,Amerikaner,Amerikanische Ureinwohner,Native Americans,First Nations,Premières Nations,Erste Nationen,First Nations People(s),First Americans,Pueblos Originarios , Indianerin , Religion,Mystik,Mythologie , Diplomatische Mission,Christentum,Christliche Mission,Heidenmission,Weltmission,Missionierung |
| SYF | 0 | 0 | |a America,Amerikanische Länder,Amerikanische Staaten,The Americas , Neue Welt,Westliche Hemisphäre,America |